Southville International School and Colleges
Your cart is empty.
  • Cart
  • Lists
    Public lists Eva Luna New books Lux_list list_1
    Your lists Log in to create your own lists
  • Log in to your account
  • Your cookies
  • Search history
Southville International School and Colleges
  • Advanced search
  • Recent comments
  • Most popular
  • Libraries

Log in to your account

Log in with GOOGLE


If you do not have an external account, but do have a local account, you can still log in:

  1. Home
  2. MARC view: The decision book:
Normal view MARC view ISBD view

The decision book: (Record no. 364704)

[ view plain ]
MARC details
000 -LEADER
fixed length control field 00678nam a22001937a 4500
003 - CONTROL NUMBER IDENTIFIER
control field 1
005 - DATE AND TIME OF LATEST TRANSACTION
control field 20220302142423.0
008 - FIXED-LENGTH DATA ELEMENTS--GENERAL INFORMATION
fixed length control field 220302b xxu||||| |||| 00| 0 eng d
020 ## - INTERNATIONAL STANDARD BOOK NUMBER
International Standard Book Number 978-0-393-65237-6
050 ## - LIBRARY OF CONGRESS CALL NUMBER
Classification number BF448
Item number .K7613 2018
100 ## - MAIN ENTRY--PERSONAL NAME
Personal name Krogerus, Mikael. Tschappeler,Roman.
245 ## - TITLE STATEMENT
Title The decision book:
Remainder of title fifty models for strategic thinking:
Statement of responsibility, etc Mikael Krogerus, Roma Tschappeler; translated byJenny Piening.
250 ## - EDITION STATEMENT
Edition statement new, fully revised ed.
260 ## - PUBLICATION, DISTRIBUTION, ETC. (IMPRINT)
Place of publication, distribution, etc New York:
Name of publisher, distributor, etc W.W. Norton & Company.
Date of publication, distribution, etc c201/8
300 ## - PHYSICAL DESCRIPTION
Extent 174 pp.
Dimensions 17 cm.
Accompanying material Includes bibliographic references and index.
500 ## - GENERAL NOTE
General note Decision making.
500 ## - GENERAL NOTE
General note Critical thinking
942 ## - ADDED ENTRY ELEMENTS (KOHA)
Source of classification or shelving scheme Library of Congress Classification
Koha item type Books
Holdings
Withdrawn status Lost status Source of classification or shelving scheme Damaged status Home library Current library Shelving location Date acquired Source of acquisition Sub Shelving location Total Checkouts Full call number Barcode Date last seen Copy number Price effective from Koha item type
    Library of Congress Classification   Luxembourg Library Luxembourg Library Genevive Ledesma - Tan Section 03/02/2022 Donation     BF448 .K7613 2018 21002 03/02/2022 1 03/02/2022 Books

The decision book:

APA

Krogerus M. T., . (2018). The decision book. New York: W.W. Norton & Company.

Chicago

Krogerus Mikael Tschappeler,Roman, . 2018. The decision book. New York: W.W. Norton & Company.

Harvard

Krogerus M. T., . (2018). The decision book. New York: W.W. Norton & Company.

MLA

Krogerus Mikael Tschappeler,Roman, . The decision book. New York: W.W. Norton & Company. 2018.

  • Place hold
  • Print
  • Cite
  • Add to your cart (remove)
  • Save record
    BIBTEX Dublin Core MARCXML MARC (non-Unicode/MARC-8) MARC (Unicode/UTF-8) MARC (Unicode/UTF-8, Standard) MODS (XML) RIS
  • More searches
    Search for this title in:
    Other Libraries (WorldCat) Other Databases (Google Scholar) Online Stores (Bookfinder.com) Open Library (openlibrary.org)

Exporting to Dublin Core...

SOUTHVILLE LIBRARY

Southville International School and Colleges Library

1281 Tropical Ave. Cor. Luxembourg St., BF Homes International, Las Pinas City

Tel. No. 8256374 / 252358 Loc. 117/146

Powered by Koha